Dopasuj rapera do tytułu piosenki(rap trap hiphop) - Statystyki

Ogólne statystyki
  • Ten quiz został rozwiązany 116 razy
  • Średni wynik to 12 z 15
Statystyki odpowiedzi
Tytuł piosenki Raper % Poprawnych
Papuga Mata
100%
Disney Kizo
98%
Taxi Kizo
98%
Tamagotchi Taconafide
92%
Billy kid Reto
90%
Rs7 Reto
90%
bb Zeamsone
89%
5 influencerek Zeamsone
89%
Rozmazana kreska Kinny zimmer
88%
Madagaskar Quebonafide
79%
Ufo Szpaku
73%
Ketchup 2115
66%
Młoda krew Zbuku
64%
Na okrągło Kuban
55%
Lawenda Sb mafija
43%
Nie znaleziono quizów pasujących do podanych kryteriów
Rozkład punktacji
Procent ludzi z każdym wynikiem
Percentyl według liczby udzielonych odpowiedzi
Twoja historia wyników
Nie rozwiązałeś tego quizu